=LDR 00000nam 2200000 4500 =001 INLIS000000000045207 =005 20250506072647 =035 ##$$a 0010-011500000000033 =008 250506################c##########j#ind## =082 ##$$a 028.5 =090 ##$$a 028.5 $b sit p =100 3#$$a Situmorang, T. Sandi =245 1#$$a Penunggu rumah tua : $b Kumpulan cerita anak /$c T. Sandi Situmorang =260 ##$$a Yogyakarta :$b Andi,$c 2009 =300 ##$$a 85 hlm. : $b - ; $c 13 x 19 cm =850 ##$$a NBPMAT =020 ##$$a 978-979-29-0622-6 =084 ##$$a 028.5 SIT p =250 ##$$a Ed. 1, Cet. 10 =650 #4$$a Bacaan kanak-kanak =990 ##$$a 0001/BPAP-NTB/20142015